Manchester City Squad 2015-2016 - Statistics

General Stats
  • This quiz has been taken 471 times
    207 since last reset
  • The average score is 16 of 26
Answer Stats
Hint Answer % Correct
1- England Joe Hart
99%
10- Argentina Sergio Aguero
98%
4- Belgium Vincent Kompany
97%
17- Belgium Kevin De Bruyne
91%
42- Ivory Coast Yaya Toure
91%
21- Spain David Silva
90%
25- Brazil Fernandinho
87%
7- England Raheem Sterling
87%
5- Argentina Pablo Zabaleta
81%
11- Serbia Aleksander Kolarov
78%
3- France Bacary Sagna
76%
6- Brazil Fernando
74%
22- France Gael Clichy
73%
8- France Samir Nasri
73%
20- France Eliaquim Mangala
63%
15- Spain Jesus Navas
62%
14- Ivory Coast Wilfried Bony
57%
26- Argentina Martin Demichelis
55%
72- Nigeria Kelechi Iheanacho
52%
18- England Fabian Delph
43%
13- Argentina Willy Caballero
42%
28- Belgium Jason Denayer
18%
29- England Richard Wright
12%
64- Portugal Rony Lopes
10%
27- England Patrick Roberts
8%
36- Argentina Bruno Zuculini
7%
No matching quizzes found
Score Distribution
Percent of People with Each Score
Percentile by Number Answered
Your Score History
You have not taken this quiz since the last reset